000 00805cam a2200253 4500
008 090401t1992 xxu||||| |||| 00| 0 eng d
020 _a0854065350
035 _a(Sirsi) u55541
041 _aeng
050 _a333.333
090 _aRICS 1992/20ABCD
100 _aJayne, Michael Ross
245 _aMining and its effect on property values.
260 _aLondon
_bRoyal Institution of Chartered Surveyors
_c1992
300 _a24p. ; 30cm.
350 _a4.95
520 _aBased on research into the effects of mining and, in particular, subsidence problems on property values in North Staffordshire
650 _aHOUSE PRICES
650 _aSTAFFORDSHIRE
690 _aRATING AND VALUATION
710 _aRoyal Institution of Chartered Surveyors
_94900
942 _n0
948 _c04/03/1997
999 _c93625
_d93625